Οι διερμηνείς ως διπλωμάτες : μία διπλωματική ιστορία του ρόλου των διερμηνέων στις διεθνείς σχέσεις

Saved in:
Bibliographic Details
Main Author: Roland, Ruth A.
Other Authors: Κάτσιος, Σταύρος Α. (Editor, Translator, Author of introduction, etc.)
Format: Book
Language:Greek
English
Published: Αθήνα : Παπαζήσης, 2014.
Series:Βιβλιοθήκη Εργαστηρίου Γεωπολιτισμικών Αναλύσεων (Παπαζήσης)
Subjects:
Tags: Add Tag
No Tags, Be the first to tag this record!

MARC

LEADER 00000nam a2200000 a 4500
001 1/110960
008 160603s2014####gr | ||| |||| ||gre||
020 |a 9789600229936  
040 |a GR-MyUa  |b gre  |c GR-MyUa  |e AACR2 
041 1 |a gre  |h eng 
082 7 |a 327.2   |2 (23) 
100 1 |a Roland, Ruth A. 
245 1 3 |a Οι διερμηνείς ως διπλωμάτες :   |b μία διπλωματική ιστορία του ρόλου των διερμηνέων στις διεθνείς σχέσεις /   |c Ruth A. Roland ; μετάφραση, επιμέλεια, πρόλογος: Σταύρος Α. Κάτσιος ; συνεργάστηκαν σε επιλεγμένα κεφάλαια η Άννα Τζοτζαδίνη και η Γεωργία Παναρίτη.  
260 |a Αθήνα :   |b Παπαζήσης,   |c 2014.  
300 |a 343 σ. ;   |c 21 εκ.  
490 1 |a (Βιβλιοθήκη εργαστηρίου γεωπολιτισμικών αναλύσεων).  
500 |a Μετάφραση του: Interpreters as diplomats, a diplomatic history of the role of interpreters in world politics.  
504 |a Βιβλιογραφία: σ. [307]-343.  
650 0 |a Translators. 
650 0 |a Translating and interpreting  |x History. 
650 0 |a Diplomacy  |x History. 
650 0 |a International relations  |x History. 
650 0 |a World politics. 
700 1 |a Κάτσιος, Σταύρος Α.  |e edt  |e trl  |e aui 
830 0 |a Βιβλιοθήκη Εργαστηρίου Γεωπολιτισμικών Αναλύσεων (Παπαζήσης) 
852 |a INST  |b RHODES  |c EUDOXUS  |e 20160603  |h 327.2 ROL  |p 005400038509  |q 005400038509  |t EDX  |y 0 
920 |a Εύδοξος  |b Παραγγελία  |y Ρόδος-ΤΜΣ  |z 2016-04 
970 |z 03-06-2016